[Event "Tourn. n7849"]
[Site "www.chess-mail.com"]
[Date "2015.01.01"]
[Round "1"]
[White "Hundegana"]
[Black "Gmi42"]
[WhiteElo "2000"]
[BlackElo "2189"]
[Result "1-0"]
[Round "1"]
1.e4 c6
2.d4 d5
3.e5 Bc8f5
4.Bf1d3 Bf5xd3
5.Qd1xd3 e6
6.c3 Ng8e7
7.Ng1f3 Nb8d7
8.g4 h5
9.g5 Qd8b6
10.h4 Ne7f5
11.Nb1d2 g6
12.b4 a5
13.a3  { time }
1-0

[Event "Tourn. n7931"]
[Site "www.chess-mail.com"]
[Date "2015.01.01"]
[Round "1"]
[White "Derfel83"]
[Black "Manuel09"]
[WhiteElo "1930"]
[BlackElo "1950"]
[Result "0-1"]
[Round "1"]
1.e4 e5
2.Ng1f3 Nb8c6
3.Bf1c4 Bf8c5
4.d3 d6
5.O-O Bc8g4
6.Nb1d2 Ng8f6
7.Qd1e1 Nc6d4
8.Nf3g5 O-O
9.Bc4b3 Bg4e2
10.c3 Nd4xb3
11.Nd2xb3 Be2xd3
 { time }
0-1

[Event "Tourn. n7778"]
[Site "www.chess-mail.com"]
[Date "2015.01.01"]
[Round "1"]
[White "Roque1"]
[Black "Naujzaid"]
[WhiteElo "1790"]
[BlackElo "1810"]
[Result "0-1"]
[Round "1"]
1.e4 c5
2.Ng1f3 d6
3.d4 cxd4
4.Nf3xd4 Ng8f6
5.Nb1c3 e6
6.Bc1g5 a6
7.Bf1e2 Bf8e7
8.O-O O-O
9.f4 Qd8c7
10.Nd4f3 Nb8c6
11.Be2d3 b5
12.Qd1e2 Bc8b7
13.a4 b4
14.Nc3a2 h6
15.Bg5h4 Rf8e8
16.c3 bxc3
17.Na2xc3 Nc6b4
18.Nf3d4 Nb4xd3
 { time }
0-1

[Event "Tourn. n7846"]
[Site "www.chess-mail.com"]
[Date "2015.01.01"]
[Round "1"]
[White "Georgepapi"]
[Black "Pipas"]
[WhiteElo "1670"]
[BlackElo "1610"]
[Result "1-0"]
[Round "1"]
1.e4 e5
2.Ng1f3 Nb8c6
3.Bf1c4 Qd8f6
4.Nb1c3 d6
5.Nc3d5 Qf6d8
6.d4 Bc8e6
7.Bc4b3 Be6xd5
8.Bb3xd5 Qd8f6
9.Bd5xc6 bxc6
10.dxe5 dxe5
11.O-O Bf8d6
12.Bc1g5 Qf6g6
13.Qd1d2 Qg6xe4
14.Rf1e1 Qe4f5
15.Nf3d4 Qf5g4
16.Nd4xc6 e4
17.Qd2d5 Ra8b8
18.Nc6xb8 Ng8e7
19.Bg5xe7 Bd6xe7
20.Re1xe4 Qg4c8
21.Qd5e5 O-O
22.Nb8c6 Be7d6
23.Qe5xd6 cxd6
24.Nc6e7 Kh8
25.Ne7xc8 Rf8xc8
26.Ra1e1 h6
27.Re4e8 Rc8xe8
28.Re1xe8 Kh7
29.Re8e7 { resign }
1-0

[Event "Tourn. n7920"]
[Site "www.chess-mail.com"]
[Date "2015.01.01"]
[Round "1"]
[White "Gatrooper"]
[Black "Tomcapp"]
[WhiteElo "1350"]
[BlackElo "1430"]
[Result "1-0"]
[Round "1"]
1.e4 e5
2.a3 Bf8c5
3.d3 Ng8f6
4.Bc1e3 Bc5xe3
5.fxe3 d6
6.h3 c5
7.Ng1f3 Nb8c6
8.Nb1c3 a6
9.Nf3g5 Bc8e6
10.Bf1e2 b5
11.Nc3d5 Be6xd5
12.exd5 Nc6e7
13.Be2h5 Nf6xh5
14.Qd1xh5 c4
15.Ng5xf7 Qd8a5
16.b4 Qa5a4
17.Nf7xh8 Kd7
18.Qh5g4 Kc7
19.Nh8f7 Qa4xc2
20.O-O Qc2xd3
21.Qg4e6 Qd3xe3
22.Kh1 c3
23.Qe6xe7 Kb6
24.Qe7xd6 Ka7
25.Qd6c7 
1-0

[Event "Tourn. n7819"]
[Site "www.chess-mail.com"]
[Date "2015.01.01"]
[Round "1"]
[White "Manolinex"]
[Black "Bevittsmith"]
[WhiteElo "2700"]
[BlackElo "2210"]
[Result "1-0"]
[Round "1"]
1.g3 Ng8f6
2.Bf1g2 g6
3.c4 Bf8g7
4.Nb1c3 c5
5.Ng1f3 d5
6.cxd5 Nf6xd5
7.h4 Nd5xc3
8.dxc3 Qd8xd1
9.Kxd1 Nb8c6
10.Bc1e3 c4
11.h5 Bc8e6
12.Nf3g5 Ra8d8
13.Kc2 Be6d5
14.Bg2xd5 Rd8xd5
15.Ng5f3 O-O
16.h6 Bg7f6
17.Ra1d1 Rf8d8
18.Rd1xd5 Rd8xd5
19.Nf3d2 b5
20.a4 a6
21.axb5 axb5
22.Rh1a1 Bf6e5
23.Ra1a6 Nc6b8
24.Ra6a8 f5
25.Nd2f3 Be5c7
26.Be3b6 Bc7xb6
27.Ra8xb8 Bb6d8
28.Nf3g5 { resign }
1-0

[Event "Tourn. n7985"]
[Site "www.chess-mail.com"]
[Date "2015.01.01"]
[Round "1"]
[White "Mitja"]
[Black "Guidom"]
[WhiteElo "1910"]
[BlackElo "2040"]
[Result "0-1"]
[Round "1"]
1.d4 d5
2.e3 c6
3.h3 Bc8f5
4.c3 Ng8f6
5.Ng1f3 e6
6.Nf3h4 Bf5g6
7.Nh4xg6 hxg6
8.Bf1e2 Bf8d6
9.Nb1d2 Nb8d7
10.Nd2b3 Qd8e7
11.Be2f3 O-O
12.O-O c5
13.dxc5 Nd7xc5
{ resign }
0-1

[Event "Tourn. n7938"]
[Site "www.chess-mail.com"]
[Date "2015.01.01"]
[Round "1"]
[White "Vite"]
[Black "Luban"]
[WhiteElo "2000"]
[BlackElo "2200"]
[Result "0-1"]
[Round "1"]
1.e4 c5
2.c3 d5
3.exd5 Qd8xd5
4.d4 cxd4
5.Qd1xd4 Qd5xd4
6.cxd4 e6
7.Ng1f3 h6
8.Bf1b5 Bc8d7
9.Bb5xd7 Nb8xd7
10.O-O Ng8f6
11.Nf3e5 Nd7xe5
12.dxe5 Nf6d5
13.f4 Bf8c5
14.Kh1 O-O
15.a3 Ra8c8
16.b4 Bc5d4
17.Ra1a2 Rc8c7
18.Ra2d2 Bd4e3
19.Rd2d1 Be3xc1
20.Rd1xc1 Rf8c8
21.Rc1xc7 Rc8xc7
22.h3 Rc7c4
23.g3 Rc4c2
24.Kg1 Nd5e3
25.Rf1e1 Rc2g2
26.Kh1 Rg2xg3
27.Kh2 Ne3f5
28.Re1c1 Rg3f3
29.Rc1c7 Rf3b3
30.Rc7c1 Nf5d4
31.Rc1d1 Nd4c2
32.Rd1c1 Nc2xa3
33.Nb1xa3 Rb3xa3
{ resign }
0-1

[Event "Match"]
[Site "www.echecsemail.com"]
[Date "2015.01.01"]
[Round "1"]
[White "Spartacus42"]
[Black "Lundberg"]
[WhiteElo "1809"]
[BlackElo "1900"]
[Result "0-1"]
[Round "1"]
1.e4 d6
2.d4 Ng8f6
3.Nb1c3 g6
4.f4 Bf8g7
5.Ng1f3 c5
6.dxc5 Qd8a5
7.Bf1b5 Bc8d7
8.Qd1e2 Nf6xe4
9.Bb5xd7 Nb8xd7
10.O-O Ne4xc5
11.Rf1e1 e6
12.Bc1d2 Qa5a6
 { time }
0-1

[Event "Match"]
[Site "www.echecsemail.com"]
[Date "2015.01.01"]
[Round "1"]
[White "Calponas"]
[Black "Longdiagonal"]
[WhiteElo "2020"]
[BlackElo "1809"]
[Result "1-0"]
[Round "1"]
1.e4 c5
2.Ng1f3 d6
3.d4 cxd4
4.Nf3xd4 Ng8f6
5.Nb1c3 a6
6.Bf1c4 e6
7.Bc1g5 Bf8e7
8.Qd1e2 O-O
9.O-O-O Nf6xe4
10.Bg5xe7 Ne4xc3
11.Qe2h5 Nc3xa2
12.Bc4xa2 Qd8xe7
13.Rh1e1 Nb8c6
14.Nd4f5 Qe7c7
15.Nf5xd6 Nc6b4
16.Ba2b3 Rf8d8
17.Nd6xf7 Rd8f8
18.Nf7g5 g6
19.Qh5h3 Rf8xf2
20.Ng5xe6 Bc8xe6
21.Qh3xe6 Kh8
22.Rd1d7 Qc7f4
23.Kb1 Rf2f1
24.Rd7d1 Rf1xe1
25.Rd1xe1 Ra8f8
26.Qe6e7 b5
27.g3 { resign }
1-0

[Event "Match"]
[Site "www.echecsemail.com"]
[Date "2015.01.01"]
[Round "1"]
[White "Goofy"]
[Black "Krazy4chess"]
[WhiteElo "2210"]
[BlackElo "1970"]
[Result "1-0"]
[Round "1"]
1.e4 e6
2.d4 d5
3.Nb1c3 Bf8b4
4.e5 c5
5.a3 Bb4xc3
6.bxc3 c4
7.Qd1g4 g6
8.Bf1e2 h5
9.Qg4g3 Qd8a5
10.Ng1h3 Ng8e7
11.O-O Ne7f5
12.Qg3f3 Bc8d7
13.Be2d1 Nb8c6
14.Bc1g5 Nc6e7
15.Nh3f4 O-O-O
16.h4 Rd8f8
17.Nf4e2 Ne7c6
18.Qf3f4 a6
19.Qf4c1 Nc6a7
20.Qc1b2 Bd7a4
21.Ra1b1 Na7b5
22.Qb2b4 Qa5xb4
23.Rb1xb4 Nb5xc3
24.Ne2xc3 { resign }
1-0

[Event "Match"]
[Site "www.echecsemail.com"]
[Date "2015.01.01"]
[Round "1"]
[White "Caine"]
[Black "Chapi"]
[WhiteElo "1499"]
[BlackElo "1950"]
[Result "0-1"]
[Round "1"]
1.d4 d5
2.Ng1f3 Nb8c6
3.b3 Ng8f6
4.Bc1b2 Bc8f5
5.e3 Nc6b4
6.Nb1a3 e6
7.c3 Nb4c6
8.Bf1e2 Bf8d6
9.Na3b5 Bd6e7
10.O-O a6
 { time }
0-1

[Event "Match"]
[Site "www.echecsemail.com"]
[Date "2015.01.01"]
[Round "1"]
[White "Harrytheking"]
[Black "Georgepapi"]
[WhiteElo "1690"]
[BlackElo "1480"]
[Result "1/2-1/2"]
[Round "1"]
1.c4 Ng8f6
2.Nb1c3 g6
3.h3 Bf8g7
4.Ng1f3 d6
5.d3 O-O
6.e3 e5
7.Bf1e2 Nb8c6
8.a3 Rf8e8
9.O-O Bc8e6
10.b4 a6
11.b5 axb5
12.Nc3xb5 e4
13.Nf3d4 Nc6xd4
14.Nb5xd4 exd3
15.Be2xd3 Nf6d7
16.Ra1b1 Nd7c5
17.Bd3e2 Nc5e4
18.Qd1c2 Ne4c5
19.Nd4xe6 Nc5xe6
20.Rb1xb7 Ne6c5
21.Rb7b1 Qd8e7
22.Bc1b2 Bg7xb2
23.Qc2xb2 Re8b8
24.Qb2c3 Qe7e4
25.Be2f3 Qe4f5
26.Bf3xa8 Rb8xb1
27.e4 Rb1xf1
28.Kxf1 Qf5c8
29.Ba8c6 Qc8e6
30.Bc6d5 Qe6e7
31.Qc3b4 Kg7
32.Qb4c3 Kg8
33.f3 Qe7d7
34.Qc3a5 c6
35.Qa5a8 Kg7
36.Bd5xc6 Qd7c7
37.Bc6d5 Qc7b6
38.a4 Qb6b1
39.Kf2 Qb1a2
40.Kg3 Qa2xa4
41.Qa8d8 Qa4a6
42.Qd8e8 Qa6a7
43.e5 dxe5
44.Qe8xe5 Kg8
45.h4 Nc5d3
46.Qe5e8 Kg7
47.Bd5e4 Nd3c5
48.Qe8e5 Kg8
49.Qe5e8 Kg7
50.Qe8e5 Kg8
51.Qe5e8 Kg7
52.Qe8e5 Kg8
53.Qe5e8 { draw }
1/2-1/2

[Event "Match"]
[Site "www.echecsemail.com"]
[Date "2015.01.01"]
[Round "1"]
[White "Harrytheking"]
[Black "Castletyme"]
[WhiteElo "1760"]
[BlackElo "1860"]
[Result "1-0"]
[Round "1"]
1.c4 c5
2.Ng1f3 Nb8c6
3.e3 Ng8f6
4.d3 e6
5.Bf1e2 Bf8e7
6.h3 d6
7.Nb1d2 O-O
8.a3 Rf8e8
9.b3 Nc6e5
10.Nf3xe5 dxe5
11.Bc1b2 Nf6d7
12.e4 Be7g5
13.Nd2f3 f6
14.Nf3xg5 fxg5
15.O-O  { time }
1-0

[Event "1/32 Finale"]
[Site "www.chess-mail.com"]
[Date "2015.01.01"]
[Round "1"]
[White "Hennie4820"]
[Black "Winterlude"]
[WhiteElo "1980"]
[BlackElo "2540"]
[Result "0-1"]
[Round "1"]
1.e4 d5
2.exd5 Qd8xd5
3.Nb1c3 Qd5a5
4.d4 Ng8f6
5.Ng1f3 Bc8f5
6.Bf1e2 e6
7.O-O Nb8d7
8.Bc1d2 c6
9.h3 h6
10.a3 Qa5c7
11.Bd2e3 Bf8d6
12.Qd1d2 g5
13.Ra1c1 O-O-O
14.Rf1d1 g4
15.Nf3h4 gxh3
16.Nh4xf5 exf5
17.g3 Bd6xg3
18.fxg3 Qc7xg3
19.Kf1 h2
{ resign }
0-1

[Event "Tourn. n7975"]
[Site "www.chess-mail.com"]
[Date "2015.01.02"]
[Round "1"]
[White "Mitja"]
[Black "Chiccogianca"]
[WhiteElo "1910"]
[BlackElo "1970"]
[Result "0-1"]
[Round "1"]
1.d4 b6
2.e3 Bc8b7
3.Ng1f3 g6
4.c3 Bf8g7
5.Bf1e2 e6
6.Nb1a3 d6
7.Na3c4 Ng8e7
{ resign }
0-1

[Event "Tourn. n7841"]
[Site "www.chess-mail.com"]
[Date "2015.01.02"]
[Round "1"]
[White "Jose"]
[Black "Gmi42"]
[WhiteElo "2700"]
[BlackElo "2279"]
[Result "1-0"]
[Round "1"]
1.Ng1f3 d5
2.c4 e6
3.d4 Ng8f6
4.Nb1c3 c6
5.Bc1g5 Nb8d7
6.e3 Qd8a5
7.Nf3d2 Bf8b4
8.Qd1c2 O-O
9.Bf1e2 dxc4
10.Bg5xf6 Nd7xf6
11.Nd2xc4  { time }
1-0

[Event "Tourn. n7939"]
[Site "www.chess-mail.com"]
[Date "2015.01.02"]
[Round "1"]
[White "Picifarkinca"]
[Black "Mitja"]
[WhiteElo "1970"]
[BlackElo "1910"]
[Result "1-0"]
[Round "1"]
1.Ng1f3 d5
2.g3 e6
3.Bf1g2 c6
4.O-O Ng8f6
5.d3 Nb8a6
6.c3 h6
7.Qd1c2 Bf8e7
8.Nb1d2 O-O
9.e4 dxe4
10.dxe4 Be7c5
11.b4 { resign }
1-0

[Event "Tourn. n7883"]
[Site "www.chess-mail.com"]
[Date "2015.01.02"]
[Round "1"]
[White "Ff333"]
[Black "Guidom"]
[WhiteElo "2000"]
[BlackElo "2140"]
[Result "1-0"]
[Round "1"]
1.e4 e5
2.g3 Nb8c6
3.Bf1g2 Ng8f6
4.c3 d6
5.d3 Bc8e6
6.h3 Bf8e7
7.Ng1f3 O-O
8.O-O Qd8d7
9.Nf3g5 h6
10.Ng5xe6 fxe6
11.Bc1e3 d5
12.Qd1d2 Kh7
13.f4 exf4
14.Be3xf4 dxe4
15.dxe4 Be7c5
16.Kh2 Qd7xd2
17.Bf4xd2 e5
18.b4 Bc5b6
19.a4 a5
20.b5 Nc6e7
21.c4 Bb6d4
22.Ra1a3 Nf6d7
23.Ra3f3 Rf8xf3
24.Rf1xf3 Ra8f8
25.Rf3xf8 Nd7xf8
26.Bd2xa5 b6
27.Ba5b4 Nf8g6
28.Nb1c3 Bd4xc3
29.Bb4xc3 Ne7c8
30.Bg2f1 Nc8d6
31.Bf1d3 Kg8
32.Kg2 Kf7
33.Kf3 Ke6
34.Ke3 Ng6e7
35.Bd3e2 Kf6
36.Kd3 c6
37.h4 Nd6b7
38.Ke3 c5
39.Be2g4 g6
40.Bg4d7 Nb7d6
41.Kd3 Nd6b7
42.Bd7c6 Ne7xc6
43.bxc6 Nb7d6
44.a5 bxa5
45.Bc3xa5 Ke6
46.Ba5b6 h5
47.Bb6xc5 Nd6f7
48.Bc5b4 g5
49.Bb4f8 gxh4
50.gxh4 Nf7h8
51.c5 Nh8g6
52.c7 Kd7
53.Bf8d6 Ng6xh4
54.Bd6xe5 Nh4g6
55.Be5d6 h4
56.Ke3 Kc8
57.Kf3 Kd7
58.e5 Ng6h8
59.e6 { resign }
1-0

[Event "Tourn. n7974"]
[Site "www.chess-mail.com"]
[Date "2015.01.02"]
[Round "1"]
[White "Faerieking"]
[Black "Hali"]
[WhiteElo "2040"]
[BlackElo "2150"]
[Result "1-0"]
[Round "1"]
1.e4 c5
2.Ng1f3 Nb8c6
3.b4 Nc6xb4
4.c3 Nb4c6
5.d4 e6
6.d5 exd5
7.exd5 Qd8e7
8.Bf1e2 Nc6e5
9.O-O d6
10.Rf1e1 g6
11.c4 Bf8g7
12.Bc1b2 Qe7c7
13.Nb1c3 Ng8e7
14.Nc3b5 Qc7b8
15.Bb2xe5 dxe5
16.d6 Ne7c6
17.Nb5c7 Kd7
18.Nf3g5 Rh8f8
19.Ng5xh7 { resign }
1-0

[Event "Tourn. n7834"]
[Site "www.chess-mail.com"]
[Date "2015.01.02"]
[Round "1"]
[White "Osopanda"]
[Black "Traub"]
[WhiteElo "1900"]
[BlackElo "1730"]
[Result "1-0"]
[Round "1"]
1.c4 e5
2.Nb1c3 f5
3.g3 Ng8f6
4.Bf1g2 c6
5.d3 d5
6.cxd5 Nf6xd5
7.Ng1f3 Bf8d6
8.e4 fxe4
9.Nc3xe4 Bd6b4
10.Bc1d2 Qd8e7
11.O-O O-O
12.a3 Bb4a5
13.b4 Ba5c7
14.Nf3g5 Nb8d7
15.Bg2h3 Nd7f6
16.Bh3xc8 Ra8xc8
17.Ne4xf6 Qe7xf6
18.Ng5e4 Qf6g6
19.Qd1b3 Rf8f3
20.Ne4c5 b6
21.Nc5e4 Qg6xe4
22.dxe4 Rf3xb3
23.exd5 cxd5
24.Rf1d1 Rb3d3
25.Bd2g5 Rd3xd1
26.Ra1xd1 d4
27.Kf1 Bc7d6
28.f4 Rc8c2
29.fxe5 Bd6xe5
30.Bg5f4 Be5xf4
{ time. }
1-0

[Event "Tourn. n7841"]
[Site "www.chess-mail.com"]
[Date "2015.01.02"]
[Round "1"]
[White "Gmi42"]
[Black "Numanoid"]
[WhiteElo "2279"]
[BlackElo "2490"]
[Result "0-1"]
[Round "1"]
1.e4 d6
2.d4 Ng8f6
3.Nb1c3 g6
4.f4 Bf8g7
5.Ng1f3 c5
6.Bf1b5 Bc8d7
7.e5 Nf6g4
8.Bb5xd7 Qd8xd7
 { time }
0-1

[Event "Tourn. n7945"]
[Site "www.chess-mail.com"]
[Date "2015.01.02"]
[Round "1"]
[White "Pipas"]
[Black "Generalfree"]
[WhiteElo "1620"]
[BlackElo "1680"]
[Result "1-0"]
[Round "1"]
1.e4 c5
2.Bf1c4 e6
3.Qd1f3 f6
4.Ng1e2 g6
5.O-O Nb8c6
6.c3 Nc6e5
7.Qf3f4 Ne5xc4
8.d4 g5
9.Qf4g3 Bf8d6
10.Qg3d3 Nc4b6
11.h3 c4
12.Qd3c2 a5
13.b3 Qd8c7
14.a4 h5
15.Nb1a3 Bd6xa3
16.Bc1xa3 cxb3
17.Qc2xb3 Nb6c4
18.Qb3c2 Nc4xa3
19.Ra1xa3 Ng8e7
20.Ne2g3 h4
21.Ng3e2 b6
22.c4 Bc8a6
23.Ne2c3 Ba6xc4
24.Rf1b1 Ne7c6
25.e5 Nc6xd4
26.Qc2g6 Kf8
27.Qg6xf6 Kg8
28.Qf6xg5 Kf7
29.Nc3e4 Nd4e2
30.Kh1 Ra8f8
31.Ne4d6 Qc7xd6
32.exd6 Rf8g8
33.Ra3f3 Ke8
34.Qg5e7 
1-0

[Event "Match"]
[Site "www.echecsemail.com"]
[Date "2015.01.02"]
[Round "1"]
[White "Joseph1983"]
[Black "Ostapbender"]
[WhiteElo "2170"]
[BlackElo "2620"]
[Result "0-1"]
[Round "1"]
1.e4 c5
2.Ng1f3 Nb8c6
3.d4 cxd4
4.Nf3xd4 Ng8f6
5.Nb1c3 d6
6.Bf1c4 e6
7.Bc1g5 Bf8e7
8.Qd1d2 h6
9.Bg5xf6 Be7xf6
10.Nd4e2 a6
11.a3 b5
12.Bc4a2 O-O
13.O-O Qd8b6
14.Ra1d1 a5
15.Ba2b3 Bc8a6
16.Rf1e1 a4
17.Bb3a2 b4
18.axb4 Qb6xb4
19.Qd2xd6 Rf8c8
20.Qd6xb4 Nc6xb4
21.Ba2b1 Ba6xe2
22.Nc3xe2 Bf6xb2
23.c3 Bb2xc3
24.Ne2xc3 Rc8xc3
25.Re1e2 a3
26.Bb1a2 Ra8c8
27.g3 Rc3c2
28.Rd1d2 Rc2xd2
29.Re2xd2 Rc8c2
{ resign }
0-1

[Event "Match"]
[Site "www.echecsemail.com"]
[Date "2015.01.02"]
[Round "1"]
[White "Lautreamont"]
[Black "Pgcbies"]
[WhiteElo "2899"]
[BlackElo "2750"]
[Result "1/2-1/2"]
[Round "1"]
1.d4 d5
2.c4 e6
3.Nb1c3 Ng8f6
4.cxd5 exd5
5.Bc1g5 Bf8e7
6.e3 O-O
7.Bf1d3 Nb8d7
8.Ng1e2 Rf8e8
9.O-O c6
10.Qd1c2 Nd7f8
11.f3 g6
12.Bg5h4 Nf8e6
13.Ra1d1 b5
14.Rf1e1 Qd8b6
15.Ne2c1 Bc8b7
16.Bd3f1 Ra8c8
17.a3 a5
18.Qc2b3 Bb7a6
19.Nc1d3 { draw }
1/2-1/2

[Event "Match"]
[Site "www.echecsemail.com"]
[Date "2015.01.02"]
[Round "1"]
[White "Generalfree"]
[Black "Nozal"]
[WhiteElo "1730"]
[BlackElo "1800"]
[Result "0-1"]
[Round "1"]
1.e4 d5
2.exd5 Qd8xd5
3.Nb1c3 Qd5d6
4.Ng1f3 e5
5.Nc3e4 Qd6d5
6.d3 Bc8f5
7.c4 Qd5c6
8.Nf3xe5 Qc6e6
9.Bc1f4 Bf8d6
10.Qd1a4 c6
11.Ne4xd6 Qe6xd6
12.O-O-O f6
13.Ne5g6 Qd6d4
14.Ng6xh8 Qd4xf4
15.Rd1d2 Nb8d7
16.f3 a6
17.g3 Qf4xf3
18.Bf1g2 Qf3e3
19.Kd1 O-O-O
20.Nh8f7 Nd7c5
21.Qa4a5 Bf5g4
22.Kc1 Rd8xd3
23.h3 Bg4e6
24.Nf7h8 Be6xc4
25.Bg2f1 Bc4xa2
26.Bf1xd3 Nc5xd3
27.Kc2 Nd3e1
28.Rh1xe1 Ba2b3
{ resign }
0-1

[Event "Match"]
[Site "www.echecsemail.com"]
[Date "2015.01.02"]
[Round "1"]
[White "Kula1922"]
[Black "Reanna"]
[WhiteElo "1659"]
[BlackElo "1720"]
[Result "0-1"]
[Round "1"]
1.e4 e5
2.d4 Nb8c6
3.d5 Nc6d4
4.Ng1f3 d6
5.c3 Nd4xf3
6.Qd1xf3 Ng8f6
7.Bf1b5 Bc8d7
8.Nb1d2 Bd7xb5
9.c4 Bb5a6
 { time }
0-1

[Event "Match"]
[Site "www.echecsemail.com"]
[Date "2015.01.02"]
[Round "1"]
[White "Kula1922"]
[Black "Norbos"]
[WhiteElo "1659"]
[BlackElo "1660"]
[Result "0-1"]
[Round "1"]
1.e4 e5
2.d4 Nb8c6
3.d5 Nc6d4
4.c3 Nd4b5
5.Bf1xb5 c6
6.dxc6 bxc6
7.Bb5c4 Ng8f6
8.Bc1g5 Bf8e7
9.Qd1f3 O-O
10.Ng1e2 d5
 { time }
0-1

[Event "Match"]
[Site "www.echecsemail.com"]
[Date "2015.01.02"]
[Round "1"]
[White "Guidom"]
[Black "Kula1922"]
[WhiteElo "2040"]
[BlackElo "1659"]
[Result "1-0"]
[Round "1"]
1.e4 e5
2.Ng1f3 Nb8c6
3.Bf1b5 Nc6d4
4.Nf3xd4 exd4
5.O-O a6
6.Bb5e2 f6
7.f4 Bf8c5
8.d3  { time }
1-0

[Event "Match"]
[Site "www.echecsemail.com"]
[Date "2015.01.02"]
[Round "1"]
[White "Pariolinius"]
[Black "Ztornad"]
[WhiteElo "1710"]
[BlackElo "1630"]
[Result "0-1"]
[Round "1"]
1.c4 c5
2.Ng1f3 Nb8c6
3.g3 d6
4.Bf1g2 Nc6d4
5.Nb1c3 Bc8d7
6.O-O Ng8f6
7.Nf3xd4 cxd4
8.Nc3d5 Nf6xd5
9.Bg2xd5 Bd7c6
10.Bd5xc6 bxc6
11.d3 e5
12.Bc1d2 Bf8e7
13.Qd1a4 Qd8c8
14.Ra1c1 O-O
15.b4 h6
16.c5 d5
17.b5 Be7g5
18.e3 a5
19.b6 Qc8a6
20.Qa4c2 dxe3
21.fxe3 d4
22.e4 Bg5e7
23.Rf1f3 Ra8b8
24.Rc1f1 f6
25.Qc2b3 Kh8
26.Qb3e6 Be7xc5
27.Bd2xh6 Qa6c8
28.Bh6xg7 Kxg7
29.Qe6c4 Bc5xb6
30.Kf2 Rf8h8
31.h4 Rh8h5
32.Kg2 Bb6d8
33.a4 Rb8b2
34.Kg1 Qc8h3
{ resign }
0-1

[Event "Match"]
[Site "www.echecsemail.com"]
[Date "2015.01.02"]
[Round "1"]
[White "Baachio"]
[Black "Haukia"]
[WhiteElo "1930"]
[BlackElo "2140"]
[Result "1/2-1/2"]
[Round "1"]
1.d4 d5
2.c4 c6
3.Ng1f3 Ng8f6
4.Nb1c3 dxc4
5.a4 Nb8a6
6.e4 Bc8g4
7.Bf1xc4 e6
8.Bc4e2 Bf8e7
9.O-O O-O
10.Qd1c2 Bg4xf3
11.Be2xf3 Qd8xd4
12.Rf1d1 Qd4e5
13.g3 Qe5c7
14.Bc1e3 Na6b4
15.Qc2b3 a5
16.Rd1d2 Rf8d8
17.Ra1d1 Rd8xd2
18.Rd1xd2 Ra8d8
19.h3 Rd8xd2
20.Be3xd2 Be7d6
21.Nc3e2 Nf6d7
22.Kg2 Nd7e5
23.Bd2e3 Ne5xf3
24.Kxf3 Qc7e7
25.Be3b6 Bd6c7
26.Bb6xc7 Qe7xc7
{ draw }
1/2-1/2

[Event "1/128 Finale"]
[Site "www.chess-mail.com"]
[Date "2015.01.02"]
[Round "1"]
[White "Badplayer"]
[Black "Mitja"]
[WhiteElo "2170"]
[BlackElo "1930"]
[Result "1-0"]
[Round "1"]
1.e4 d5
2.exd5 Qd8xd5
3.Nb1c3 Qd5d8
4.Ng1f3 e6
5.Bf1e2 c6
6.O-O Bf8c5
7.a3 Bc5b6
8.b4 Bb6c7
9.Bc1b2 Nb8d7
10.Nc3e4 Ng8f6
11.Ne4g5 Bc7f4
12.Ng5h3 Bf4d6
13.c4 Qd8c7
14.c5 Bd6e7
15.d4 Nf6d5
16.b5 cxb5
17.Be2xb5 a6
18.Bb5d3 Nd7f6
19.Qd1d2 b6
20.cxb6 Qc7xb6
21.Ra1b1 Qb6a7
22.Rf1c1 { resign }
1-0

[Event "Fast Game"]
[Site "www.echecsemail.com"]
[Date "2015.01.02"]
[Round "1"]
[White "Cristiano"]
[Black "Fkarpov"]
[WhiteElo "1669"]
[BlackElo "1840"]
[Result "0-1"]
[Round "1"]
1.e4 c5
2.f4 d5
3.exd5 Qd8xd5
4.Nb1c3 Qd5d6
5.d3 Nb8c6
6.Ng1f3 Bc8f5
7.Bf1e2 O-O-O
8.O-O c4
9.d4 Ng8h6
10.a3 e6
11.Bc1e3 Nh6g4
12.Qd1c1 Bf5xc2
13.Be2xc4 Ng4xe3
14.Qc1xe3 Nc6xd4
15.Nf3xd4 Qd6xd4
16.Qe3xd4 Rd8xd4
17.Bc4a2 Kb8
18.Ra1c1 Bf8c5
19.Kh1 Bc2d3
20.Rf1f3 Rh8d8
21.g3 Bc5b6
22.Ba2b1 Bd3a6
23.b4 Rd8c8
24.Kg2 Ba6b5
25.Kh3 Bb5d7
26.g4 h5
27.Rf3f1 hxg4
28.Kg3 Rc8h8
29.h4 gxh3
30.Rf1h1 e5
31.f5 Rd4h4
32.Bb1e4 g5
33.Be4f3 Bd7xf5
34.Nc3d5 g4
35.Bf3e2 Bf5e4
36.Rh1d1 h2
37.Nd5xb6 axb6
38.Be2xg4 h1Q
39.Rd1xh1 Rh4xh1
{ resign }
0-1

[Event "Tourn. n7947"]
[Site "www.chess-mail.com"]
[Date "2015.01.03"]
[Round "1"]
[White "Generalfree"]
[Black "Dspillman"]
[WhiteElo "1800"]
[BlackElo "1650"]
[Result "1-0"]
[Round "1"]
1.e4 e5
2.Ng1f3 Nb8c6
3.Bf1c4 Ng8f6
4.Nf3g5 Qd8e7
5.Bc4xf7 Kd8
6.Bf7c4 d6
7.Ng5f7 Kd7
8.Nf7xh8 d5
9.exd5 Nc6b4
10.a3 Nb4xd5
11.Qd1f3 Nd5b6
12.Qf3d3 Kc6
13.Bc4b5 Kc5
14.b4 
1-0

[Event "Tourn. n7931"]
[Site "www.chess-mail.com"]
[Date "2015.01.03"]
[Round "1"]
[White "Derfel83"]
[Black "Louis"]
[WhiteElo "1930"]
[BlackElo "1860"]
[Result "0-1"]
[Round "1"]
1.e4 c5
2.Nb1c3 Nb8c6
3.a4 Ng8f6
4.Bf1b5 e5
5.Ng1f3 d6
6.Nc3d5 Nf6xe4
7.d3 Ne4f6
8.Bc1g5 Bc8e6
9.Nd5xf6 gxf6
10.Bb5xc6 bxc6
11.Bg5h4 Qd8a5
 { time }
0-1

[Event "Tourn. n7913"]
[Site "www.chess-mail.com"]
[Date "2015.01.03"]
[Round "1"]
[White "Derfel83"]
[Black "Cardiff"]
[WhiteElo "1950"]
[BlackElo "2090"]
[Result "0-1"]
[Round "1"]
1.e4 c5
2.Nb1c3 Nb8c6
3.Ng1f3 d6
4.Bf1c4 e6
5.d3 Ng8f6
6.Nf3g5 Bf8e7
7.f4 d5
8.Bc4xd5 exd5
9.e5 Nf6g4
10.O-O Be7xg5
11.fxg5 O-O
12.Nc3b5 Ng4xe5
13.Qd1e1 a6
14.d4 cxd4
15.Nb5xd4 Nc6xd4
16.Qe1xe5 Nd4e6
17.b3 d4
18.Bc1b2 Qd8xg5
19.Bb2xd4 Qg5xe5
20.Bd4xe5 f6
21.Be5c3 Rf8d8
22.Ra1e1 b5
23.Rf1f3 Ne6c5
24.Bc3b4 Nc5e6
25.Rf3g3 Kf7
26.Rg3h3 h6
27.Rh3h4 Bc8b7
28.c4 a5
29.Bb4c3 b4
30.Bc3b2 Rd8d2
 { time }
0-1

[Event "Tourn. n7824"]
[Site "www.chess-mail.com"]
[Date "2015.01.03"]
[Round "1"]
[White "Naujzaid"]
[Black "Amaya"]
[WhiteElo "2000"]
[BlackElo "1840"]
[Result "1-0"]
[Round "1"]
1.d4 Ng8f6
2.c4 g6
3.Nb1c3 Bf8g7
4.e4 d6
5.Ng1f3 O-O
6.Bf1e2 Bc8g4
7.O-O Nb8d7
8.h3 Bg4xf3
9.Be2xf3 e5
10.d5 Nd7c5
11.b4 Nc5d7
12.Bc1e3 Rf8e8
13.Qd1d2 a6
14.c5 Bg7f8
15.Rf1c1 Ra8c8
16.Qd2d3 Nd7b8
17.c6 bxc6
18.dxc6 Nb8xc6
19.Qd3xa6 Nc6xb4
20.Qa6b5 Rc8b8
21.Qb5c4 d5
22.Nc3xd5 Nf6xd5
23.exd5 Bf8d6
24.a3 h5
25.axb4 Rb8xb4
26.Qc4c2 Qd8h4
27.Be3c5 Rb4f4
28.Bc5xd6 cxd6
29.g3 Qh4xh3
30.gxf4 Qh3xf3
31.Qc2c3 Qf3xf4
32.Qc3g3 Qf4d2
33.Rc1d1 Qd2b2
34.Ra1a7 Re8c8
35.Qg3f3 f5
36.Qf3g3 { resign }
1-0

[Event "Tourn. n7968"]
[Site "www.chess-mail.com"]
[Date "2015.01.03"]
[Round "1"]
[White "Amaya"]
[Black "Caspito"]
[WhiteElo "1890"]
[BlackElo "1850"]
[Result "1-0"]
[Round "1"]
1.d4 g6
2.e3 Ng8f6
3.Bf1d3 d5
4.f4 Bc8g4
5.Ng1f3 Nb8d7
6.Nb1d2 Bf8g7
7.O-O O-O
8.c3 c6
9.Qd1e1 Qd8c7
10.Nf3e5 e6
11.Qe1g3 Bg4h5
12.Qg3h4 Nd7xe5
13.fxe5 Nf6g4
14.Nd2f3 b6
15.e4 c5
16.exd5 exd5
17.h3 Ng4h6
18.g4 c4
19.Bd3c2 Bh5xg4
20.hxg4 Qc7d8
21.Bc1g5 Qd8d7
22.Bg5xh6 Bg7xh6
23.Qh4xh6 Qd7xg4
24.Kf2 f5
25.Rf1h1 Rf8f7
26.Ra1g1 { resign }
1-0

[Event "Tourn. n7828"]
[Site "www.chess-mail.com"]
[Date "2015.01.03"]
[Round "1"]
[White "Ff333"]
[Black "Luban"]
[WhiteElo "2000"]
[BlackElo "2090"]
[Result "0-1"]
[Round "1"]
1.e4 c5
2.g3 e6
3.Bf1g2 d5
4.d3 h6
5.Ng1e2 Nb8c6
6.O-O Ng8f6
7.Nb1c3 d4
8.Nc3b1 Bf8d6
9.Bc1f4 Bd6xf4
10.Ne2xf4 e5
11.Nf4h3 Bc8e6
12.f4 Be6xh3
13.Bg2xh3 exf4
14.Rf1xf4 Nc6e5
15.Nb1a3 a6
16.Qd1f1 O-O
17.b3 b5
18.Na3b1 Qd8c7
19.Nb1d2 Ne5g6
20.Rf4f2 Nf6d7
21.Nd2f3 Nd7e5
22.Ra1c1 c4
23.b4 Ne5xf3
24.Rf2xf3 Ng6e5
25.Rf3f5 Qc7d6
26.a3 Ra8a7
27.Qf1f4 f6
28.Qf4f1 c3
29.Qf1e2 a5
30.Rc1b1 axb4
31.axb4 Ra7a4
32.Rf5f1 Ra4xb4
33.Bh3e6 Kh8
34.Be6b3 Qd6d7
35.Qe2h5 Qd7e7
36.Rf1d1 Qe7c5
37.Rb1a1 Rb4xb3
38.cxb3 c2
39.Rd1f1 Qc5c3
40.Qh5e2 Ne5xd3
41.Ra1c1 Nd3xc1
42.Rf1xc1 d3
43.Qe2f1 d2
44.Rc1a1 Qc3xa1
{ resign }
0-1

[Event "Tourn. n7841"]
[Site "www.chess-mail.com"]
[Date "2015.01.03"]
[Round "1"]
[White "Gmi42"]
[Black "Buliland"]
[WhiteElo "2259"]
[BlackElo "2550"]
[Result "0-1"]
[Round "1"]
1.e4 e5
2.Ng1f3 Nb8c6
3.Bf1b5 a6
4.Bb5a4 Ng8f6
5.O-O Bf8e7
6.Rf1e1 b5
7.Ba4b3 O-O
8.c3 d5
9.exd5 Nf6xd5
10.d4 exd4
11.Nf3xd4 Nc6xd4
12.cxd4 Bc8b7
13.Nb1c3 { time. }
0-1